[Event "22. Torneo Int. Collado Villalba"]
[Site "Collado Villalba ESP"]
[Date "2005.08.20"]
[Round "1.1"]
[White "Timoshenko, Georgy"]
[Black "Menor Villamor, Jose Carlos"]
[Result "1-0"]
[WhiteElo "2543"]
[BlackElo "2034"]
[PlyCount "61"]
[EventDate "2005.08.20"]
[EventType "swiss"]
[EventRounds "9"]
[EventCountry "ESP"]
[Source "lmi"]
[SourceDate "2005.08.27"]

1. e4 d5 2. exd5 Qxd5 3. Nc3 Qa5 4. Nf3 Nf6 5. Bc4 Bf5 6. d4 c6 7. Bd2 e6 8.
Qe2 Bb4 9. O-O-O Nbd7 10. a3 Bxc3 11. Bxc3 Qc7 12. Kb1 O-O-O 13. h3 Ne4 14. Be1
Nd6 15. Ba2 Qb6 16. Ka1 Nb5 17. c4 Nc7 18. Ng5 Bg6 19. f3 h6 20. Ne4 Nf6 21.
Nxf6 gxf6 22. Bf2 Qa5 23. Bh4 Ne8 24. Qe3 Rd7 25. Rd2 f5 26. Rhd1 Qc7 27. d5
cxd5 28. cxd5 Kb8 29. dxe6 Rxd2 30. Qxd2 fxe6 31. Bg3 1-0

[Event "22. Torneo Int. Collado Villalba"]
[Site "Collado Villalba ESP"]
[Date "2005.08.20"]
[Round "1.2"]
[White "Picon Rodriguez, Jose"]
[Black "Suba, Mihai"]
[Result "1/2-1/2"]
[WhiteElo "2031"]
[BlackElo "2520"]
[PlyCount "99"]
[EventDate "2005.08.20"]
[EventType "swiss"]
[EventRounds "9"]
[EventCountry "ESP"]
[Source "lmi"]
[SourceDate "2005.08.27"]

1. e4 Nf6 2. e5 Nd5 3. d4 d6 4. Nf3 c6 5. c3 Bg4 6. Be2 Bxf3 7. Bxf3 dxe5 8.
dxe5 e6 9. Bxd5 Qxd5 10. Qxd5 cxd5 11. Be3 Nd7 12. f4 g5 13. g3 gxf4 14. gxf4
Rg8 15. Nd2 Bc5 16. Kf2 f6 17. Rag1 Kf7 18. Nf3 fxe5 19. Nxe5+ Nxe5 20. fxe5
Rac8 21. Bxc5 Rxc5 22. Rxg8 Kxg8 23. Rg1+ Kf8 24. Kf3 Rc7 25. Rg4 b5 26. Rf4+
Rf7 27. Kg4 a5 28. Rxf7+ Kxf7 29. Kg5 Kg7 30. a3 a4 31. Kh5 h6 32. h4 Kh7 33.
Kg4 Kg6 34. h5+ Kf7 35. Kf4 Ke7 36. Ke3 Kd7 37. Kd3 Kc7 38. Kd4 Kb6 39. Ke3 Kc6
40. Kd4 Kb6 41. Ke3 Kc5 42. Kd3 Kc6 43. Kd4 Kb6 44. Ke3 Kc7 45. Kd4 Kc6 46. Ke3
Kc5 47. Kd3 Kb6 48. Ke3 Kc6 49. Kd4 Kb6 50. Ke3 1/2-1/2

[Event "22. Torneo Int. Collado Villalba"]
[Site "Collado Villalba ESP"]
[Date "2005.08.20"]
[Round "1.3"]
[White "Moreno Ruiz, Javier"]
[Black "Lopez Escribano, Jesus"]
[Result "1-0"]
[WhiteElo "2503"]
[BlackElo "2027"]
[PlyCount "71"]
[EventDate "2005.08.20"]
[EventType "swiss"]
[EventRounds "9"]
[EventCountry "ESP"]
[Source "lmi"]
[SourceDate "2005.08.27"]

1. d4 Nf6 2. c4 g6 3. Nc3 d5 4. Nf3 Bg7 5. cxd5 Nxd5 6. Na4 O-O 7. e4 Nf6 8.
Nc3 Bg4 9. Be2 c6 10. O-O Nbd7 11. Be3 e6 12. h3 Bxf3 13. Bxf3 Nb6 14. Qb3 Qe7
15. a4 Rac8 16. a5 Na8 17. Na4 Rfd8 18. Rfd1 b6 19. axb6 axb6 20. Rac1 b5 21.
Nc5 Nb6 22. Be2 e5 23. dxe5 Qxe5 24. Rxd8+ Rxd8 25. Nb7 Rb8 26. Na5 Qxe4 27.
Nxc6 Re8 28. Qxb5 Nbd5 29. Bf3 Qe6 30. Bd2 Ne4 31. Bxe4 Qxe4 32. Re1 Qxe1+ 33.
Bxe1 Rxe1+ 34. Kh2 Be5+ 35. Nxe5 Rxe5 36. Qb8+ 1-0

[Event "22. Torneo Int. Collado Villalba"]
[Site "Collado Villalba ESP"]
[Date "2005.08.20"]
[Round "1.4"]
[White "Perez Cameselle, Francisco Jose"]
[Black "Vazquez, Renier"]
[Result "0-1"]
[WhiteElo "2019"]
[BlackElo "2496"]
[PlyCount "72"]
[EventDate "2005.08.20"]
[EventType "swiss"]
[EventRounds "9"]
[EventCountry "ESP"]
[Source "lmi"]
[SourceDate "2005.08.27"]

1. Nf3 Nf6 2. b3 e6 3. Bb2 b6 4. g3 Bb7 5. Bg2 Be7 6. O-O O-O 7. c4 c5 8. Nc3
a6 9. d4 cxd4 10. Nxd4 Bxg2 11. Kxg2 Qc7 12. Qd3 Rc8 13. Rac1 d6 14. Rfd1 Nbd7
15. Kg1 Ne5 16. Qd2 Qb7 17. h3 Rd8 18. Qe1 Rac8 19. Qf1 Bf8 20. Qg2 Qc7 21. Kh2
g6 22. Ne4 Nxe4 23. Qxe4 Bg7 24. f4 Nd7 25. Qb1 e5 26. fxe5 Nxe5 27. Qe4 Re8
28. Qf4 Re7 29. Ba3 Rce8 30. Rc2 h5 31. Nf3 Re6 32. Qd2 Nxf3+ 33. exf3 h4 34.
Bxd6 Qc6 35. Qd5 Rxd6 36. Qxc6 hxg3+ 0-1

[Event "22. Torneo Int. Collado Villalba"]
[Site "Collado Villalba ESP"]
[Date "2005.08.20"]
[Round "1.5"]
[White "Neelotpal, Das"]
[Black "Perez De Villar Muñoz, Eusebio"]
[Result "1-0"]
[WhiteElo "2467"]
[BlackElo "2014"]
[PlyCount "49"]
[EventDate "2005.08.20"]
[EventType "swiss"]
[EventRounds "9"]
[EventCountry "ESP"]
[Source "lmi"]
[SourceDate "2005.08.27"]

1. e4 e5 2. Nf3 Nf6 3. Nxe5 d6 4. Nf3 Nxe4 5. d4 d5 6. Bd3 Be7 7. O-O Nc6 8. c4
Bg4 9. cxd5 Qxd5 10. Nc3 Nxc3 11. bxc3 Bxf3 12. gxf3 O-O 13. Kh1 Bd6 14. Rg1
Qh5 15. Rg2 Ne7 16. Rb1 b6 17. Bd2 Ng6 18. Be4 Rae8 19. Qg1 f5 20. Bc6 Re2 21.
Qd1 Rxd2 22. Qxd2 Bf4 23. Qe2 Nh4 24. Qe7 Bd6 25. Qxg7# 1-0

[Event "22. Torneo Int. Collado Villalba"]
[Site "Collado Villalba ESP"]
[Date "2005.08.20"]
[Round "1.6"]
[White "Pajuelo Morales, Raul"]
[Black "Saldaño, Horacio"]
[Result "1/2-1/2"]
[WhiteElo "2013"]
[BlackElo "2447"]
[PlyCount "178"]
[EventDate "2005.08.20"]
[EventType "swiss"]
[EventRounds "9"]
[EventCountry "ESP"]
[Source "lmi"]
[SourceDate "2005.08.27"]

1. d4 Nf6 2. c4 e6 3. g3 c5 4. Nf3 cxd4 5. Nxd4 Nc6 6. Bg2 Bc5 7. Nxc6 bxc6 8.
O-O O-O 9. b3 d5 10. Bb2 Re8 11. Qc2 Bb6 12. Rd1 e5 13. Nc3 Bb7 14. Na4 Qe7 15.
Nxb6 axb6 16. a4 d4 17. Ba3 c5 18. Bxb7 Qxb7 19. b4 cxb4 20. Bxb4 Rac8 21. Qb3
h5 22. h4 Qd7 23. a5 bxa5 24. Rxa5 Qh3 25. Qf3 Rxc4 26. Bd6 Rc3 27. Qg2 Qxg2+
28. Kxg2 Ng4 29. Rd2 Re6 30. Bb8 Rc1 31. Ra3 Rb6 32. Ba7 Rbb1 33. Kf3 Rf1 34.
e3 Ra1 35. Rxa1 Rxa1 36. Bc5 dxe3 37. Bxe3 Ra3 38. Rd5 Rb3 39. Ra5 Kh7 40. Rc5
Kg6 41. Ra5 f6 42. Rc5 Kf5 43. Ra5 Kg6 44. Rc5 Rb4 45. Bd2 e4+ 46. Kf4 Ra4 47.
Be3 Ne5 48. Rxe5 fxe5+ 49. Kxe5 Rb4 50. Bd4 Kf7 51. Kxe4 Ke6 52. Kd3 g6 53. Be3
Kf5 54. Ke2 Kg4 55. Kf1 Kf3 56. Kg1 Ra4 57. Bb6 Rg4 58. Kh2 Ra4 59. Kg1 Rc4 60.
Ba7 g5 61. hxg5 h4 62. gxh4 Rg4+ 63. Kh2 Rxh4+ 64. Kg1 Rg4+ 65. Kh2 Rxg5 66.
Bb6 Rg4 67. Bc5 Kf4 68. Be3+ Kf5 69. Bc5 Kg5 70. Bb6 Kf5 71. Bc5 Ke4 72. Bb6
Kf3 73. Bc5 Rg2+ 74. Kh1 Rg5 75. Bb6 Rg6 76. Bc5 Kg4 77. Bd4 Kh3 78. f4 Rd6 79.
Bg1 Rd1 80. f5 Rf1 81. f6 Rxf6 82. Bd4 Rd6 83. Bg1 Kg4 84. Bh2 Rd1+ 85. Bg1 Kf3
86. Kh2 Rd7 87. Kh1 Rd5 88. Bh2 Rd1+ 89. Bg1 Kg3 1/2-1/2

[Event "22. Torneo Int. Collado Villalba"]
[Site "Collado Villalba ESP"]
[Date "2005.08.20"]
[Round "1.7"]
[White "Rivas Pastor, Manuel"]
[Black "Cuadrado Garcia, Jorge"]
[Result "1-0"]
[WhiteElo "2445"]
[BlackElo "2013"]
[PlyCount "59"]
[EventDate "2005.08.20"]
[EventType "swiss"]
[EventRounds "9"]
[EventCountry "ESP"]
[Source "lmi"]
[SourceDate "2005.08.27"]

1. d4 Nf6 2. c4 g6 3. Nc3 Bg7 4. e4 d6 5. f3 O-O 6. Be3 c5 7. Nge2 Na6 8. Qd2
b6 9. d5 Nc7 10. Ng3 a6 11. Bd3 Rb8 12. Rb1 b5 13. cxb5 axb5 14. b4 c4 15. Bc2
Re8 16. O-O e6 17. dxe6 Bxe6 18. Bd4 d5 19. e5 Nd7 20. f4 f5 21. exf6 Bxf6 22.
f5 Bf7 23. fxg6 Bxd4+ 24. Qxd4 hxg6 25. Qf4 Re7 26. Rbe1 Ne6 27. Qh6 Ndf8 28.
Re5 Nd4 29. Nh5 gxh5 30. Rg5+ 1-0

[Event "22. Torneo Int. Collado Villalba"]
[Site "Collado Villalba ESP"]
[Date "2005.08.20"]
[Round "1.8"]
[White "Sanchez, Manuel"]
[Black "Pogorelov, Ruslan"]
[Result "0-1"]
[WhiteElo "2010"]
[BlackElo "2442"]
[PlyCount "52"]
[EventDate "2005.08.20"]
[EventType "swiss"]
[EventRounds "9"]
[EventCountry "ESP"]
[Source "lmi"]
[SourceDate "2005.08.27"]

1. g3 c5 2. Bg2 Nc6 3. Nf3 e5 4. d3 d5 5. O-O Be7 6. Nbd2 Bg4 7. h3 Be6 8. e4
Qd7 9. Kh2 d4 10. Nxe5 Nxe5 11. f4 Bd6 12. fxe5 Bxe5 13. Nf3 Bc7 14. Ng5 Nf6
15. Nxe6 fxe6 16. Rxf6 gxf6 17. Qh5+ Ke7 18. Bf4 Bxf4 19. gxf4 Rag8 20. e5 f5
21. Qh4+ Ke8 22. Bf3 Qe7 23. Qf2 Rg7 24. c3 Rhg8 25. cxd4 Rg3 26. Bg4 R8xg4 0-1

[Event "22. Torneo Int. Collado Villalba"]
[Site "Collado Villalba ESP"]
[Date "2005.08.20"]
[Round "1.9"]
[White "Mateo, Ramon"]
[Black "Pardo Robles, Jose Manuel"]
[Result "1-0"]
[WhiteElo "2434"]
[BlackElo "2009"]
[PlyCount "51"]
[EventDate "2005.08.20"]
[EventType "swiss"]
[EventRounds "9"]
[EventCountry "ESP"]
[Source "lmi"]
[SourceDate "2005.08.27"]

1. e4 c5 2. Nf3 d6 3. d4 cxd4 4. Nxd4 Nf6 5. Nc3 g6 6. Bg5 Bg7 7. Bc4 O-O 8.
Bb3 Nc6 9. Nde2 Be6 10. O-O Rc8 11. Kh1 Ne5 12. f4 Nc4 13. f5 Bd7 14. Qe1 b5
15. Qh4 Ne5 16. Nd5 gxf5 17. exf5 Rc5 18. Rad1 Bc6 19. Bxf6 Bxf6 20. Nxf6+ exf6
21. Qd4 Qa8 22. Nf4 Rd8 23. Rd2 Be4 24. Nh5 Rcc8 25. Nxf6+ Kg7 26. Nxe4 1-0

[Event "22. Torneo Int. Collado Villalba"]
[Site "Collado Villalba ESP"]
[Date "2005.08.20"]
[Round "1.10"]
[White "Barahona Torrijos, Angel"]
[Black "Minzer, Claudio Javier"]
[Result "0-1"]
[WhiteElo "2007"]
[BlackElo "2428"]
[PlyCount "44"]
[EventDate "2005.08.20"]
[EventType "swiss"]
[EventRounds "9"]
[EventCountry "ESP"]
[Source "lmi"]
[SourceDate "2005.08.27"]

1. e4 c5 2. a3 g6 3. b4 Bg7 4. Nc3 d6 5. Bb2 Nf6 6. e5 dxe5 7. bxc5 O-O 8. Bc4
Qa5 9. Nb5 a6 10. Nc3 Qxc5 11. Qe2 b5 12. Bd3 Nc6 13. Nf3 Nd4 14. Nxd4 exd4 15.
Ne4 Nxe4 16. Bxe4 d3 17. Qxd3 Bxb2 18. Rb1 Bf5 19. Bxf5 gxf5 20. c3 Bxa3 21.
Qg3+ Kh8 22. d4 Qd5 0-1

[Event "22. Torneo Int. Collado Villalba"]
[Site "Collado Villalba ESP"]
[Date "2005.08.21"]
[Round "2.1"]
[White "Gordillo Lopez, Manuel"]
[Black "Timoshenko, Georgy"]
[Result "0-1"]
[WhiteElo "2113"]
[BlackElo "2543"]
[PlyCount "56"]
[EventDate "2005.08.20"]
[EventType "swiss"]
[EventRounds "9"]
[EventCountry "ESP"]
[Source "lmi"]
[SourceDate "2005.08.27"]

1. d4 Nf6 2. Bg5 Ne4 3. Bf4 c5 4. f3 Qa5+ 5. c3 Nf6 6. d5 d6 7. Na3 Nbd7 8. e4
g6 9. Nc4 Qc7 10. a4 Bg7 11. Qd2 O-O 12. Bh6 Bxh6 13. Qxh6 Nb6 14. Qf4 Bd7 15.
b3 Nh5 16. Qh4 e6 17. O-O-O exd5 18. exd5 Nxc4 19. Bxc4 a6 20. g4 Ng7 21. Nh3
f6 22. Kb2 b5 23. axb5 axb5 24. Bd3 c4 25. Bc2 b4 26. Qe1 Ra2+ 27. Kc1 Qa5 28.
bxc4 bxc3 0-1

[Event "22. Torneo Int. Collado Villalba"]
[Site "Collado Villalba ESP"]
[Date "2005.08.21"]
[Round "2.2"]
[White "Torres Grajales, Ramon"]
[Black "Moreno Ruiz, Javier"]
[Result "0-1"]
[WhiteElo "2106"]
[BlackElo "2503"]
[PlyCount "50"]
[EventDate "2005.08.20"]
[EventType "swiss"]
[EventRounds "9"]
[EventCountry "ESP"]
[Source "lmi"]
[SourceDate "2005.08.27"]

1. e4 c5 2. Nf3 Nc6 3. d4 cxd4 4. Nxd4 g6 5. Nc3 Bg7 6. Be3 Nf6 7. Qd2 O-O 8.
Nb3 d6 9. f4 a5 10. a4 Nb4 11. Bd3 e5 12. fxe5 dxe5 13. O-O Ng4 14. Bc5 Be6 15.
Bxf8 Bxf8 16. Nd5 Nxd5 17. exd5 Bxd5 18. Qe2 Qb6+ 19. Kh1 Ne3 20. Rg1 Bh6 21.
Nd2 Qxb2 22. Rab1 Qd4 23. Nf3 Qf4 24. Rb5 e4 25. Rxd5 exf3 0-1

[Event "22. Torneo Int. Collado Villalba"]
[Site "Collado Villalba ESP"]
[Date "2005.08.21"]
[Round "2.3"]
[White "Vazquez, Renier"]
[Black "Garcia Galeote, Lorenzo"]
[Result "1-0"]
[WhiteElo "2496"]
[BlackElo "2110"]
[PlyCount "45"]
[EventDate "2005.08.20"]
[EventType "swiss"]
[EventRounds "9"]
[EventCountry "ESP"]
[Source "lmi"]
[SourceDate "2005.08.27"]

1. d4 Nc6 2. c4 e5 3. d5 Nce7 4. Nc3 Ng6 5. g3 Nf6 6. h4 Bc5 7. h5 Ne7 8. h6 g6
9. a3 a5 10. Bg5 Nf5 11. e3 Be7 12. g4 Ng8 13. Bxe7 Nfxe7 14. d6 Nc6 15. Nb5
Kf8 16. dxc7 Qe7 17. Ne2 Nf6 18. Nec3 e4 19. g5 Ne8 20. Nd5 Qc5 21. b4 axb4 22.
axb4 Rxa1 23. Qxa1 1-0

[Event "22. Torneo Int. Collado Villalba"]
[Site "Collado Villalba ESP"]
[Date "2005.08.21"]
[Round "2.4"]
[White "Labarta Gonzalez, Ivan B"]
[Black "Neelotpal, Das"]
[Result "0-1"]
[WhiteElo "2103"]
[BlackElo "2467"]
[PlyCount "68"]
[EventDate "2005.08.20"]
[EventType "swiss"]
[EventRounds "9"]
[EventCountry "ESP"]
[Source "lmi"]
[SourceDate "2005.08.27"]

1. d4 Nf6 2. c4 c5 3. d5 b5 4. cxb5 a6 5. Nc3 axb5 6. e4 b4 7. Nb5 d6 8. Bf4
Nbd7 9. Nf3 Bb7 10. e5 dxe5 11. Nxe5 Nxd5 12. Bg3 Nxe5 13. Bxe5 f6 14. Bc4 Qb6
15. Bg3 Qe6+ 16. Kd2 Rd8 17. Kc1 g6 18. Nc7+ Nxc7 19. Qxd8+ Kxd8 20. Bxc7+ Kxc7
21. Bxe6 Be4 22. Kd2 Bxg2 23. Rhg1 Bc6 24. Bc4 e5 25. Ke2 Bd6 26. a3 Rb8 27.
axb4 Rxb4 28. b3 Bb7 29. Rg3 e4 30. Rh3 h5 31. Be6 Bf4 32. Rg1 Ba6+ 33. Kd1
Rd4+ 34. Ke1 Bd2+ 0-1

[Event "22. Torneo Int. Collado Villalba"]
[Site "Collado Villalba ESP"]
[Date "2005.08.21"]
[Round "2.5"]
[White "Rodriguez De Castro, Ayar"]
[Black "Rivas Pastor, Manuel"]
[Result "0-1"]
[WhiteElo "2099"]
[BlackElo "2445"]
[PlyCount "72"]
[EventDate "2005.08.20"]
[EventType "swiss"]
[EventRounds "9"]
[EventCountry "ESP"]
[Source "lmi"]
[SourceDate "2005.08.27"]

1. d4 Nf6 2. c4 e6 3. Nf3 b6 4. Nc3 Bb4 5. Qc2 Bb7 6. Bd2 c5 7. a3 Bxc3 8. Bxc3
O-O 9. e3 Ne4 10. Bd3 f5 11. h4 Nxc3 12. Qxc3 Qf6 13. O-O-O Bxf3 14. gxf3 Nc6
15. dxc5 Qxc3+ 16. bxc3 bxc5 17. Bc2 Rfd8 18. Ba4 Ne5 19. f4 Nxc4 20. Bxd7 Kf7
21. Bc6 Rac8 22. Bb7 Rb8 23. Rxd8 Rxd8 24. Ba6 Nd6 25. Rd1 Ke7 26. Bd3 Ne4 27.
Bxe4 Rxd1+ 28. Kxd1 fxe4 29. c4 Kf6 30. Ke2 e5 31. h5 Kf5 32. fxe5 Kxe5 33. f3
Kf5 34. fxe4+ Kxe4 35. Kd2 Kf3 36. Kd3 g5 0-1

[Event "22. Torneo Int. Collado Villalba"]
[Site "Collado Villalba ESP"]
[Date "2005.08.21"]
[Round "2.6"]
[White "Pogorelov, Ruslan"]
[Black "Martin Blanco, Fernando"]
[Result "1-0"]
[WhiteElo "2442"]
[BlackElo "2105"]
[PlyCount "157"]
[EventDate "2005.08.20"]
[EventType "swiss"]
[EventRounds "9"]
[EventCountry "ESP"]
[Source "lmi"]
[SourceDate "2005.08.27"]

1. Nf3 Nf6 2. c4 g6 3. Nc3 d5 4. cxd5 Nxd5 5. Qa4+ Bd7 6. Qb3 Nb6 7. d4 Be6 8.
Qc2 Nc6 9. e4 Nb4 10. Qd1 Bg4 11. a3 Na6 12. Be3 Bg7 13. d5 O-O 14. h3 Bxf3 15.
gxf3 e6 16. dxe6 Qxd1+ 17. Rxd1 fxe6 18. Be2 Rad8 19. h4 Rxd1+ 20. Kxd1 Nb8 21.
h5 Nc6 22. hxg6 hxg6 23. f4 Kf7 24. e5 Rd8+ 25. Kc1 Nd4 26. Bg4 Nf5 27. Ne4 Rh8
28. Ng5+ Ke7 29. Rxh8 Bxh8 30. Bf3 c6 31. Bc5+ Kd7 32. b3 Bg7 33. a4 Nc8 34.
Be3 Bf8 35. Be2 Be7 36. Ne4 b6 37. Kc2 Bb4 38. Nf6+ Kc7 39. Bc4 Ng7 40. Kd3 Ne7
41. Ke4 Nd5 42. Kf3 Kd8 43. Kg4 Ke7 44. Ne4 Nf5 45. Bc1 Kf7 46. Bd3 Be7 47.
Ng5+ Bxg5 48. Kxg5 Nfe7 49. Be3 a5 50. Be4 Kg7 51. Bc1 Kf7 52. Bb2 Kg7 53. Bd4
c5 54. Bb2 Kf7 55. Bd3 Kg7 56. Kg4 Nf5 57. Kf3 Kf7 58. Ke4 Nb4 59. Be2 Nc2 60.
Kd3 Ncd4 61. Bd1 Ke7 62. Kc4 Kd7 63. Bg4 Kc6 64. Bc3 Kc7 65. Bh3 Kc6 66. Bg2+
Kc7 67. Be4 Kb8 68. Bxd4 cxd4 69. Bxf5 gxf5 70. Kxd4 Kc7 71. Kc4 Kc6 72. b4
axb4 73. Kxb4 Kb7 74. Kb5 Kc7 75. a5 bxa5 76. Kxa5 Kb7 77. Kb5 Kc7 78. Kc5 Kd7
79. Kb6 1-0

[Event "22. Torneo Int. Collado Villalba"]
[Site "Collado Villalba ESP"]
[Date "2005.08.21"]
[Round "2.7"]
[White "Dominguez Carmona, Miguel"]
[Black "Mateo, Ramon"]
[Result "0-1"]
[WhiteElo "2085"]
[BlackElo "2434"]
[PlyCount "64"]
[EventDate "2005.08.20"]
[EventType "swiss"]
[EventRounds "9"]
[EventCountry "ESP"]
[Source "lmi"]
[SourceDate "2005.08.27"]

1. d4 Nf6 2. c4 e6 3. Nf3 b6 4. g3 Ba6 5. b3 b5 6. cxb5 Bxb5 7. Bg2 d5 8. O-O
Nbd7 9. Nc3 Ba6 10. Bf4 Rc8 11. Rc1 Ba3 12. Rc2 O-O 13. Na4 Re8 14. Ne5 Nxe5
15. Bxe5 Nd7 16. Bf4 c6 17. Nc5 Bxc5 18. dxc5 e5 19. Bc1 Qe7 20. Bh3 Rcd8 21.
Bxd7 Rxd7 22. Qd2 d4 23. Rd1 Red8 24. Qa5 d3 25. exd3 Bxd3 26. Rcd2 e4 27. Qc3
Rd5 28. b4 h5 29. h4 e3 30. fxe3 Qxe3+ 31. Kh2 Qf3 32. Rg2 Qxd1 0-1

[Event "22. Torneo Int. Collado Villalba"]
[Site "Collado Villalba ESP"]
[Date "2005.08.21"]
[Round "2.8"]
[White "Minzer, Claudio Javier"]
[Black "Pascual Palomo, Lucia"]
[Result "1-0"]
[WhiteElo "2428"]
[BlackElo "2095"]
[PlyCount "55"]
[EventDate "2005.08.20"]
[EventType "swiss"]
[EventRounds "9"]
[EventCountry "ESP"]
[Source "lmi"]
[SourceDate "2005.08.27"]

1. d4 e6 2. Nf3 Nf6 3. Bf4 b6 4. e3 Bb7 5. Bd3 c5 6. Nbd2 Nc6 7. c3 Be7 8. h3
h6 9. a3 d6 10. Bh2 a5 11. a4 O-O 12. O-O d5 13. Qe2 Nd7 14. Rad1 Ndb8 15. dxc5
bxc5 16. e4 c4 17. Bc2 Nd7 18. Rfe1 Qb6 19. exd5 exd5 20. Nxc4 dxc4 21. Rxd7
Bc5 22. Bc7 Qa7 23. Bg3 Qa6 24. Qe4 g6 25. Qh4 Bc8 26. Qxh6 Be7 27. Bxg6 fxg6
28. Qxg6+ 1-0

[Event "22. Torneo Int. Collado Villalba"]
[Site "Collado Villalba ESP"]
[Date "2005.08.21"]
[Round "2.9"]
[White "Roa Alonso, Santiago"]
[Black "De La Barrera Montenegro, Eduardo"]
[Result "1-0"]
[WhiteElo "2383"]
[BlackElo "2079"]
[PlyCount "73"]
[EventDate "2005.08.20"]
[EventType "swiss"]
[EventRounds "9"]
[EventCountry "ESP"]
[Source "lmi"]
[SourceDate "2005.08.27"]

1. d4 d5 2. Nf3 Nf6 3. c4 e6 4. Nc3 c6 5. g3 Bd6 6. Bg2 Nbd7 7. O-O O-O 8. Nd2
e5 9. cxd5 exd4 10. Nce4 Bc7 11. dxc6 bxc6 12. Nb3 Bb7 13. Nxd4 Re8 14. Bg5 h6
15. Bxf6 Nxf6 16. Nc5 Bb6 17. Nxb7 Qxd4 18. Qxd4 Bxd4 19. e3 Bxb2 20. Rab1 Ba3
21. Rb3 Bf8 22. Na5 Rab8 23. Nxc6 Rxb3 24. axb3 Ne4 25. Ra1 Bc5 26. b4 Bb6 27.
Ra6 Re6 28. Bxe4 Rxe4 29. b5 Re6 30. Nxa7 Bxa7 31. Rxa7 Rb6 32. Ra8+ Kh7 33.
Ra5 f6 34. Kf1 Kg6 35. Ke2 Kf5 36. Kd3 Rd6+ 37. Kc4 1-0

[Event "22. Torneo Int. Collado Villalba"]
[Site "Collado Villalba ESP"]
[Date "2005.08.21"]
[Round "2.10"]
[White "Ponferrada Luque, Victor"]
[Black "Gonzalez Menendez, Ivan"]
[Result "1/2-1/2"]
[WhiteElo "2084"]
[BlackElo "2381"]
[PlyCount "57"]
[EventDate "2005.08.20"]
[EventType "swiss"]
[EventRounds "9"]
[EventCountry "ESP"]
[Source "lmi"]
[SourceDate "2005.08.27"]

1. d4 e6 2. c4 d5 3. cxd5 exd5 4. Nc3 Nf6 5. Bg5 Nbd7 6. Qc2 Bb4 7. e3 c5 8.
Nf3 Qa5 9. Bd3 O-O 10. O-O Bxc3 11. bxc3 c4 12. Bf5 Ne4 13. Bxe4 dxe4 14. Qxe4
Qxc3 15. Rfc1 Qb2 16. Rcb1 Qc3 17. Rc1 Qb2 18. Rcb1 Qa3 19. Be7 Re8 20. Qxh7+
Kxh7 21. Bxa3 Nb6 22. Bc5 Nd5 23. Rc1 b6 24. Bd6 Ba6 25. Ne5 Rad8 26. Ba3 b5
27. Bc5 f6 28. Nc6 Rd7 29. Nb4 1/2-1/2

[Event "22. Torneo Int. Collado Villalba"]
[Site "Collado Villalba ESP"]
[Date "2005.08.21"]
[Round "2.12"]
[White "Roman Bada, Javier"]
[Black "Belezky, Sasha"]
[Result "0-1"]
[WhiteElo "2077"]
[BlackElo "2361"]
[PlyCount "64"]
[EventDate "2005.08.20"]
[EventType "swiss"]
[EventRounds "9"]
[EventCountry "ESP"]
[Source "lmi"]
[SourceDate "2005.08.27"]

1. e4 c5 2. Nc3 Nc6 3. g3 g6 4. Bg2 Bg7 5. d3 Rb8 6. Be3 b5 7. Qd2 b4 8. Nd1 d6
9. Ne2 Nd4 10. O-O e6 11. Nf4 h5 12. c3 bxc3 13. bxc3 Ne7 14. Rc1 Ba6 15. Re1
Nb5 16. d4 c4 17. d5 e5 18. Nh3 Rb7 19. f4 Qa5 20. Ng5 O-O 21. Nf3 Rfb8 22.
fxe5 dxe5 23. Bh6 f6 24. Bh3 Nd6 25. Be6+ Kh7 26. Bxg7 Kxg7 27. Rc2 Rb1 28.
Nxe5 Qc5+ 29. Kg2 fxe5 30. Qg5 Re8 31. Rf2 Rxd1 32. Rxd1 Qxf2+ 0-1

[Event "22. Torneo Int. Collado Villalba"]
[Site "Collado Villalba ESP"]
[Date "2005.08.21"]
[Round "2.14"]
[White "Rodriguez Garcia, Jose Maria"]
[Black "Bermejo Collado, Julian"]
[Result "0-1"]
[WhiteElo "2063"]
[BlackElo "2318"]
[PlyCount "88"]
[EventDate "2005.08.20"]
[EventType "swiss"]
[EventRounds "9"]
[EventCountry "ESP"]
[Source "lmi"]
[SourceDate "2005.08.27"]

1. d4 d6 2. Nf3 g6 3. e4 Bg7 4. c3 Nf6 5. Bd3 O-O 6. O-O c5 7. h3 cxd4 8. cxd4
Qb6 9. Nc3 Nc6 10. Na4 Qc7 11. Be3 Bd7 12. Rc1 Qb8 13. Nc3 Rc8 14. Re1 Nb4 15.
Bf1 a5 16. a3 Nc6 17. d5 Ne5 18. Nxe5 dxe5 19. f3 Ne8 20. Bb5 Rxc3 21. Bxd7
Rxe3 22. Rxe3 Qa7 23. Qd3 Bh6 24. Rc3 Nd6 25. Kf1 Bxe3 26. Qxe3 Qa6+ 27. Qe2
Qb6 28. f4 Qd4 29. Rd3 Nxe4 30. fxe5 Qxe5 31. Re3 f5 32. Be6+ Kg7 33. g4 Ng3+
34. Kg2 Nxe2 35. Rxe5 Nd4 36. gxf5 Kf6 37. Re4 Nxf5 38. Kf3 Ra6 39. Bc8 Rb6 40.
b4 Nd6 41. Re6+ Kf7 42. Bd7 axb4 43. a4 b3 44. Re1 Rb4 0-1

[Event "22. Torneo Int. Collado Villalba"]
[Site "Collado Villalba ESP"]
[Date "2005.08.21"]
[Round "2.16"]
[White "Esquivias, Francisco Javier"]
[Black "Martin Rueda, Daniel"]
[Result "0-1"]
[WhiteElo "2035"]
[BlackElo "2279"]
[PlyCount "48"]
[EventDate "2005.08.20"]
[EventType "swiss"]
[EventRounds "9"]
[EventCountry "ESP"]
[Source "lmi"]
[SourceDate "2005.08.27"]

1. e4 d5 2. exd5 Nf6 3. d4 Bg4 4. Be2 Bxe2 5. Nxe2 Qxd5 6. O-O Nc6 7. Nbc3 Qh5
8. Be3 O-O-O 9. Ng3 Qg6 10. Nce2 e5 11. c3 h5 12. h4 exd4 13. cxd4 Nd5 14. Rc1
Bd6 15. Qb3 Bxg3 16. Nxg3 Nxe3 17. Qxe3 Rhe8 18. Qa3 Rxd4 19. Rxc6 Qxc6 20. Nf5
Rg4 21. g3 Kb8 22. Rd1 a6 23. Ne3 Rge4 24. b4 Rxe3 0-1

[Event "22. Torneo Int. Collado Villalba"]
[Site "Collado Villalba ESP"]
[Date "2005.08.21"]
[Round "2.18"]
[White "Sanchez Gonzalez, Sergio"]
[Black "Kalashnikov, Alexey L"]
[Result "1/2-1/2"]
[WhiteElo "2007"]
[BlackElo "2214"]
[PlyCount "59"]
[EventDate "2005.08.20"]
[EventType "swiss"]
[EventRounds "9"]
[EventCountry "ESP"]
[Source "lmi"]
[SourceDate "2005.08.27"]

1. d4 f5 2. Nf3 Nf6 3. g3 e6 4. Bg2 d5 5. O-O Bd6 6. c4 c6 7. b3 Qe7 8. a4 a5
9. Ba3 O-O 10. Ne5 Na6 11. Bxd6 Qxd6 12. Nc3 Bd7 13. f3 Rad8 14. Qd2 Be8 15.
Rfd1 Nb4 16. c5 Qc7 17. Na2 Na6 18. b4 axb4 19. Nxb4 Nxc5 20. Nexc6 Bxc6 21.
dxc5 Ra8 22. Nxc6 Qxc6 23. Qb4 Nd7 24. e4 Nxc5 25. exd5 exd5 26. Rac1 b6 27. f4
Rxa4 28. Bxd5+ Kh8 29. Qb2 Qg6 30. Rb1 1/2-1/2

[Event "22. Torneo Int. Collado Villalba"]
[Site "Collado Villalba ESP"]
[Date "2005.08.21"]
[Round "2.19"]
[White "Alonso Fernandez, Marcos"]
[Black "Cabañas Jimenez, Manuel"]
[Result "1-0"]
[WhiteElo "2214"]
[BlackElo "2045"]
[PlyCount "53"]
[EventDate "2005.08.20"]
[EventType "swiss"]
[EventRounds "9"]
[EventCountry "ESP"]
[Source "lmi"]
[SourceDate "2005.08.27"]

1. d4 Nf6 2. Nf3 g6 3. Bf4 Bg7 4. e3 O-O 5. Be2 d5 6. O-O Nbd7 7. c4 c5 8. Nc3
dxc4 9. Bxc4 Nb6 10. Bb3 c4 11. Bc2 Nfd5 12. Be5 Nxc3 13. bxc3 Nd5 14. Qd2 Bxe5
15. Nxe5 Qc7 16. e4 Nf6 17. f4 Nd7 18. Nxd7 Bxd7 19. f5 Kg7 20. e5 f6 21. Rae1
Bc6 22. Re3 Rad8 23. fxg6 hxg6 24. Rg3 Be8 25. Rh3 g5 26. exf6+ exf6 27. Rh7+
1-0